Satellite Images Of U.S. Cities Level 3 - Statistics

General Stats
  • This quiz has been taken 291 times
  • The average score is 9 of 21
Answer Stats
Picture Hint Answer % Correct
Juneau
84%
Orlando (& Winter Haven lower left)
72%
Rochester, New York
69%
The abrupt transition point of sandy coast to almost exclusively rocky coast. Portland, Maine
66%
Charleston, South Carolina
59%
Albuquerque
55%
Atlantic City
50%
Erie
49%
Indianapolis
47%
Louisville
45%
Columbus, Ohio
39%
Toledo
39%
Corpus Christi
38%
Omaha
38%
Sacramento
33%
Savannah
32%
Charlotte
28%
Oklahoma City
25%
Tulsa
25%
Richmond
20%
Bonus Winter Haven, Florida
18%
No matching quizzes found
Score Distribution
Percent of People with Each Score
Percentile by Number Answered
Your Score History
You have not taken this quiz